Normal view
MARC view
- Nakra, C P .
Entry Personal Name
001 - CONTROL NUMBER
- control field: 1413
003 - CONTROL NUMBER IDENTIFIER
- control field: OSt
005 - DATE AND TIME OF LATEST TRANSACTION
- control field: 20160902143107.0
008 - FIXED-LENGTH DATA ELEMENTS
- fixed length control field: 160902|| aca||aabn | a|a d
040 ## - CATALOGING SOURCE
- Original cataloging agency: OSt
- Transcribing agency: OSt
100 ## - HEADING--PERSONAL NAME
- Personal name: Nakra, C P .
670 ## - SOURCE DATA FOUND
- Source citation: Work cat.: (OSt)11101: Nakra, C P ., Basic automobile engineering / , 1985, 2005
